000 00241nam a2200085Ia 4500
008 120527s9999 xx 000 0 und d
100 _aNEILL, D.H.O
245 _aThe management and use of draugt animals by small holder farmers in
942 _cBK
999 _c25136
_d25136